Philosophy, technology and human affairs

Gespeichert in:
Bibliographische Detailangaben
1. Verfasser: Hickman, Larry (editor)
Format: Buch
Sprache:Undetermined
Veröffentlicht: Texas, Estados Unidos Ibis Press of College Station 1985
Schlagworte:
Tags: Tag hinzufügen
Keine Tags, Fügen Sie den ersten Tag hinzu!

MARC

LEADER 00000nam a2200000Ia 4500
008 170316s9999 xx 000 0 und d
090 |a 100 H-27p 
100 |a Hickman, Larry (editor) 
245 |a Philosophy, technology and human affairs 
260 |a Texas, Estados Unidos 
260 |b Ibis Press of College Station 
260 |c 1985 
300 |a 392 páginas 
650 |a FILOSOFÍA 
650 |a TECNOLOGÍA 
999 |c 16485  |d 16485 
040 |a cru BVZT 
942 |c 15 D  |h 100 H-27p  |2 z